000
00215 a2200097 4500
001
20081
100
_a
Synge J L
245
_a
Tensors calculus
260
_a
_b
University of Toronto Press
_c
090
_c
14675
_d
14675
942
_a
NUST-CAE
_c
M
_c
5197
999
_c
255154
_d
255154